Paulo Freire e a agenda da educaçâo Latino - Americana no século XXI /

שמור ב:
מידע ביבליוגרפי
מחבר ראשי: Torres, Carlos Alberto
Autores Corporativos: CLACSO, Agencia Sueca de Desenvolvimiento Internacional ASDI
מחברים אחרים: org
פורמט: Texto
יצא לאור: Buenos Aires: CLACSO
תגים: הוספת תג
אין תגיות, היה/י הראשונ/ה לתייג את הרשומה!

MARC

LEADER 00000 a a2200000 04500
001 26739
003
040
020 |a 950-9231-63-0  
090 |a 149609  
100 |a Torres, Carlos Alberto  
110 |a CLACSO  
245 |a Paulo Freire e a agenda da educaçâo Latino - Americana no século XXI /  |c CLACSO  
260 |a Buenos Aires:   |b CLACSO  
300 |a 358 p  
500 |a Disponible en Cd, en No. 194116  
700 |a org  
710 |a Agencia Sueca de Desenvolvimiento Internacional   |a ASDI  
999 |c 12759  |d 12759